Religion in Brazil - Statistics

General Stats
  • This quiz has been taken 46 times
  • The average score is 4 of 5
Answer Stats
Percent Religion % Correct
64.6% Catholic
100%
22.2% Protestant
95%
8.0% None
79%
3.2% Other (Religions)
63%
2.0% Spiritism
24%
No matching quizzes found
Score Distribution
Percent of People with Each Score
Percentile by Number Answered
Your Score History
You have not taken this quiz